Les 100 joueurs les mieux valorisés de Saudi Pro League - Statistiques

Statistiques générales
  • Ce quiz a été pris 11 fois
  • Le résultat moyen est 19 sur 100
Statistiques - réponses
Nationalité Joueur Club % Correct
Portugais Cristiano Ronaldo Al-Nassr
91%
Français Karim Benzema Al-Hilal
91%
Portugais João Félix Al-Nassr
64%
Portugais Rúben Neves Al-Hilal
64%
Uruguayen Darwin Núñez Al-Hilal
55%
Italien Mateo Retegui Al-Qadsiah
55%
Français Mohamed Simakan Al-Nassr
55%
Français Moussa Diaby Al-Ittihad
55%
Algérien Riyad Mahrez Al-Ahli
55%
Serbe Sergej Milinković-Savić Al-Hilal
55%
Français Theo Hernández Al-Hilal
55%
Français Alexandre Lacazette Neom SC
45%
Anglais Ivan Toney Al-Ahli
45%
Brésilien Malcom Al-Hilal
45%
Croate Marcelo Brozović Al-Nassr
45%
Sénégalais Sadio Mané Al-Nassr
45%
Portugais Danilo Pereira Al-Ittihad
36%
Brésilien Fabinho Al-Ittihad
36%
Français Kader Meïté Al-Hilal
36%
Turc Merih Demiral Al-Ahli
36%
Marocain Yassine Bounou Al-Hilal
36%
Sénégalais Edouard Mendy Al-Ahli
27%
Français Enzo Millot Al-Ahli
27%
Ivoirien Franck Kessié Al-Ahli
27%
Sénégalais Kalidou Koulibaly Al-Hilal
27%
Français Kingsley Coman Al-Nassr
27%
Polonais Marcin Bułka Neom SC
27%
Brésilien Otávio Al-Qadsiah
27%
Français Saïmon Bouabré Al-Hilal
27%
Belge Yannick Pereira Carrasco Al-Shabab
27%
Malien Abdoulaye Doucouré Neom SC
18%
Néerlandais Georginio Wijnaldum Al-Ettifaq
18%
Algérien Houssem Aouar Al-Ittihad
18%
Espagnol Iñigo Martínez Al-Nassr
18%
Portugais João Costa Al-Ettifaq
18%
Belge Koen Casteels Al-Qadsiah
18%
Malien Mahamadou Doumbia Al-Ittihad
18%
Brésilien Marcos Leonardo Al-Hilal
18%
Brésilien Matheus Gonçalves Al-Ahli
18%
Français Moussa Dembélé Al-Ettifaq
18%
Français Nathan Zézé Neom SC
18%
Serbe Predrag Rajković Al-Ittihad
18%
Brésilien Roger Ibañez Al-Ahli
18%
Français Valentin Atangana Al-Ahli
18%
Marocain Youssef En-Nesyri Al-Ittihad
18%
Espagnol Álvaro Medrán Al-Ettifaq
9%
Ivoirien Amadou Koné Neom SC
9%
Brésilien Andrei Girotto Al-Taawoon
9%
Brésilien Ângelo Al-Nassr
9%
Néo-Calédonien Angelo Fulgini Al-Taawoon
9%
Brésilien Bento Al-Nassr
9%
Brésilien Biel Al-Taawoon
9%
Ghanéen Christopher Bonsu Baah Al-Qadsiah
9%
Brésilien Flávio Al-Taawoon
9%
Portugais Gabriel Carvalho Al-Qadsiah
9%
Brésilien Galeno Al-Ahli
9%
Uruguayen Gastón Álvarez Al-Qadsiah
9%
Nigérian George Ilenikhena Al-Ittihad
9%
Écossais Jack Hendry Al-Ettifaq
9%
Serbe Jan-Carlo Simić Al-Ittihad
9%
Mexicain Julián Quiñones Al-Qadsiah
9%
Allemand Julian Weigl Al-Qadsiah
9%
Uruguayen Luciano Rodríguez Neom SC
9%
Brésilien Mailson Al-Taawoon
9%
Slovaque Marek Rodák Al-Ettifaq
9%
Bulgare Marin Petkov Al-Taawoon
9%
Albanais Mario Mitaj Al-Ittihad
9%
Belge Matteo Dams Al-Ahli
9%
Guinéen Morlaye Sylla Damac FC
9%
Gambien Musa Barrow Al-Taawoon
9%
Uruguayen Nahitan Nández Al-Qadsiah
9%
Espagnol Pablo Marí Al-Hilal
9%
Argentin Ricardo Mathias Al-Ahli
9%
Portugais Roger Fernandes Al-Ittihad
9%
Algérien Saïd Benrahma Neom SC
9%
Néerlandais Steven Bergwijn Al-Ittihad
9%
Turc Yusuf Akçiçek Al-Hilal
9%
Comorien Zaydou Youssouf Al-Fateh
9%
Maroc Aschraf El Mahdiouni Al-Taawoon
0%
Capverdien Bruno Varela Al-Hazem
0%
Brésilien Carlos Júnior Al-Shabab
0%
Zambien Fashion Sakala Al-Fayha
0%
Saoudien Firas Al-Buraikan Al-Ahli
0%
Brésilien Guga Al-Najma
0%
Espagnol Jason Remeseiro Al-Fayha
0%
Anglais John Buckley Al-Kholood
0%
Anglais Josh Brownhill Al-Shabab
0%
Argentin Juan Pablo Cozzani Al-Kholood
0%
Togolais Khaled Narey Al-Okhdood
0%
Brésilien Lázaro Al-Najma
0%
Portugais Luís Maximiano Neom SC
0%
Argentine Matías Vargas Al-Fateh
0%
Saoudien Musab Al-Juwayr Al-Qadsiah
0%
Slovaque Ondrej Duda Al-Ettifaq
0%
Brésilien Ramiro Enrique Al-Kholood
0%
Surinamais Shaquille Pinas Al-Kholood
0%
Brésilien Tozé Al-Riyad
0%
Suisse Vincent Sierro Al-Shabab
0%
France Yacine Adli Al-Shabab
0%
Camerounais Yvan Neyou Al-Okhdood
0%
Aucun quiz correspondant
Distribution des résultats
% des personnes avec chaque résultat
Percentile par nombre de réponses
Votre historique - résultats
Vous n’avez pas pris ce quiz